| 000 | 003630000a22001450004500 | ||
|---|---|---|---|
| 003 | MACL | ||
| 040 | _aMACL | ||
| 090 |
_c33912 _d33910 |
||
| 100 | _aMowbray, Thomas J | ||
| 245 |
_aInside Corba _bDistributed Object Standards and Applications |
||
| 260 |
_bPearson Education _c1997 |
||
| 350 | _a275 | ||
| 650 | _aComputer Programming | ||
| 942 |
_cBOOK _k005.133/MOW |
||
| 999 |
_c33556 _d33556 |
||